Tenant's handbook of office leasing

Bibliographic Details
Main Author: Wolfson, Stanley Mark
Format: Book
Published: New York : McGraw Hill Inc , 1992
Subjects:

MARC

LEADER 00000cam a2200000 7i4500
001 0000001448
005 20050629.0
020 |a 0070715424 
040 |a INS 
090 0 0 |a KF593.C6   |b W65 1992 
100 1 |a Wolfson, Stanley Mark 
245 1 0 |a Tenant's handbook of office leasing   |c Stanley Mark Wolfson 
260 |a New York :   |b McGraw Hill Inc ,   |c 1992 
300 |a xiip :   |b 467p ;   |c 23cm. 
650 0 0 |a Landlord and tenant   |z United States 
650 0 0 |a Office leases   |z United States 
999 |a 0000004870   |b BOOK   |c Open Shelf   |e Default branch